Airport Codes - KLM network code-to-city - Statistics

General Stats
  • This quiz has been taken 10 times
  • The average score is 96 of 181
Answer Stats
IATA Code City % Correct
AMS Amsterdam
89%
ATL Atlanta
89%
BCN Barcelona
89%
LAX Los Angeles
89%
AUS Austin
78%
BAH Bahrain
78%
BKK Bangkok
78%
PEK Beijing
78%
BER Berlin
78%
BOG Bogota
78%
BOS Boston
78%
BRU Brussels
78%
BUD Budapest
78%
YYC Calgary
78%
CUN Cancun
78%
ORD Chicago
78%
CPH Copenhagen
78%
DOH Doha
78%
DUB Dublin
78%
EDI Edinburgh
78%
FRA Frankfurt
78%
HAM Hamburg
78%
HEL Helsinki
78%
IST Istanbul
78%
LAS Las Vegas
78%
LIM Lima
78%
LIS Lisbon
78%
LHR London
78%
LUX Luxembourg
78%
MAD Madrid
78%
MAN Manchester
78%
MEX Mexico City
78%
MIA Miami
78%
MXP Milan
78%
BOM Mumbai
78%
JFK New York
78%
OSL Oslo
78%
CDG Paris
78%
PHL Philadelphia
78%
PRG Prague
78%
GIG Rio de Janeiro
78%
FCO Rome
78%
SFO San Francisco
78%
TLV Tel Aviv
78%
NRT Tokyo
78%
YYZ Toronto
78%
YVR Vancouver
78%
VIE Vienna
78%
WAW Warsaw
78%
IAD Washington DC
78%
ZAG Zagreb
78%
ZRH Zurich
78%
AAL Aalborg
67%
BEG Belgrade
67%
BHX Birmingham
67%
BRE Bremen
67%
DXB Dubai
67%
DUS Düsseldorf
67%
GVA Geneva
67%
HKG Hong Kong
67%
IAH Houston
67%
IBZ Ibiza
67%
LJU Ljubljana
67%
LCY London
67%
MNL Manila
67%
YUL Montreal
67%
MUC Munich
67%
NBO Nairobi
67%
NAP Naples
67%
NCE Nice
67%
GRU Sao Paulo
67%
ICN Seoul/Incheon
67%
SIN Singapore
67%
ARN Stockholm
67%
TPE Taipei
67%
TLS Toulouse
67%
VLC Valencia
67%
EZE Buenos Aires
56%
CPT Cape Town
56%
DMM Dammam
56%
DEL Delhi
56%
DPS Denpasar/Bali
56%
YEG Edmonton
56%
FLR Florence
56%
JNB Johannesburg
56%
KUL Kuala Lumpur
56%
LOS Lagos
56%
LYS Lyon
56%
LIN Milan
56%
MSP Minneapolis/St Paul
56%
PMI Palma De Mallorca
56%
PDX Portland
56%
SAN San Diego
56%
SJO San Jose
56%
VCE Venice
56%
AAR Aarhus
44%
ACC Accra
44%
ALC Alicante
44%
AUA Aruba
44%
BSL Basel/Mulhouse/Freiburg
44%
BLR Bengaluru
44%
BLL Billund
44%
OTP Bucharest
44%
CTA Catania
44%
CUR Curacao
44%
DAR Dar Es Salaam
44%
DTW Detroit
44%
DRS Dresden
44%
EXT Exeter
44%
GDN Gdansk
44%
GLA Glasgow
44%
GRZ Graz
44%
HAJ Hannover
44%
HYD Hyderabad
44%
MRS Marseille
44%
NTE Nantes
44%
NUE Nuremberg
44%
PSA Pisa
44%
POZ Poznan
44%
SLC Salt Lake City
44%
SCL Santiago
44%
SXM St Maarten
44%
STR Stuttgart
44%
TRS Trieste
44%
TRD Trondheim
44%
ZNZ Zanzibar
44%
ABZ Aberdeen
33%
BGO Bergen
33%
BLQ Bologna
33%
BON Bonaire
33%
BGI Bridgetown
33%
BRS Bristol
33%
CAG Cagliari
33%
DBV Dubrovnik
33%
EBB Entebbe
33%
GYE Guayaquil
33%
HUY Humberside
33%
INV Inverness
33%
KTW Katowice
33%
KGL Kigali
33%
KRK Krakow
33%
AGP Malaga
33%
NCL Newcastle
33%
KIX Osaka
33%
PTY Panama City
33%
PBM Paramaribo
33%
OPO Porto
33%
PVG Shanghai
33%
SOU Southampton
33%
SVG Stavanger
33%
WRO Wroclaw
33%
BHD Belfast
22%
BIO Bilbao
22%
BOD Bordeaux
22%
CWL Cardiff
22%
CTG Cartagena
22%
ORK Cork
22%
GEO Georgetown
22%
GRO Girona
22%
GOT Goteborg
22%
CGK Jakarta
22%
JRO Kilimanjaro
22%
KTT Kittila
22%
KRS Kristiansand
22%
LBA Leeds/Bradford
22%
NWI Norwich
22%
PMO Palermo
22%
POS Port Of Spain
22%
UIO Quito
22%
RNS Rennes
22%
RUH Riyadh
22%
RVN Rovaniemi
22%
SPU Split
22%
TRN Turin
22%
AES Aalesund
11%
BIQ Biarritz
11%
MME Durham
11%
GOA Genoa
11%
KWI Kuwait
11%
LPI Linkoping
11%
MPL Montpellier
11%
No matching quizzes found
Score Distribution
Percent of People with Each Score
Percentile by Number Answered
Your Score History
You have not taken this quiz